00770nam a2200277Ia 4500001000600000003000500006008004100011010001100052040000900063082001600072100002600088245009000114260003300204300001100237440000500248500000500253503001100258650006200269901001600331902000600347910000900353942000600362942000700368999001900375952009800394Z_143CHAP220113s1989 xx 000 0 und d a163115 cCHAP a591.0724 L6 aLoeb, Walter F967429 aThe clinical chemistry of laboratory animals /cby Walter F. Loeb and Fred W. Quimby aNew York :bPergamon,c1989 a519 p. a a a148697 aAnimales de laboratorio I. Quimby, Fred W. II. t.9137360 a591.0724 L6 aA a1989 c1 cc1 c163115d163115 00102ddc40708GRALaZbZc3d2005-11-09pz_0621r2022-01-18 00:00:00t1w2022-01-18yLIBRO